• 首页
  • 本馆介绍
  • 公告通知
  • 最新文献
  • 馆藏检索
  • 电子资源
  • 读者导购
  • 参考咨询
  • 我的图书馆
  • 登录
  • 详细信息显示
  • 放入我的书架
  • 预约/预借图书
  • 作者相关作品
  • 分类相关作品
  • 丛书相关作品
  • 出版社相关作品

书目信息

  • 表格格式
  • 工作单格式
  • 卡片格式
题名:
教育展望
    
 
作者: 王建磐 主编 ;联合国教科文组织国际教育局 编
分册:  
出版信息: 上海   华东师范大学出版社  2006
页数: 147页
开本: 24cm
丛书名:
单 册:
中图分类: G424.7
科图分类:
主题词: 学习成绩--评价 , 学习成绩
电子资源:
ISBN: 7-5617-4614-8
000 00955nam0 2200241 450
001 010010029854
005 20061119160305.28
010    @a7-5617-4614-8@dCNY38.00
100    @a20060411d2006 em y0chiy0110 ea
101 0  @achi
102    @aCN@b310000
105    @aafk z 000yy
200 1  @a教育展望@9jiao yu zhan wang@e在不同的情境脉络中评价学生的成绩@f王建磐主编@g联合国教科文组织国际教育局[编]
210    @a上海@c华东师范大学出版社@d2006
215    @a147页@c图,照片@d24cm
330    @a本期将呈现若干研究成果和对于教育质量评价方法的反思,及其对于教师培训的影响和对于新教育政策设计的影响,设有观点/争鸣;评价学生的成绩;动向/案例;教育家简介;中国教育发展与研究五个栏目。
606 0  @a学习成绩@x评价
606 0  @a学习成绩
690    @aG424.7@v4
701  0 @a王建磐@9wang jian pan@4主编
712 02 @a联合国教科文组织国际教育局@9lian he guo jiao ke wen zu zhi guo ji jiao yu ju@4编
801  0 @aCN@bRENTIAN@c20061119
905    @a10447@dG424.7@e144
    
    教育展望:在不同的情境脉络中评价学生的成绩/王建磐主编/联合国教科文组织国际教育局[编].-上海:华东师范大学出版社,2006
    147页:图,照片;24cm
    
    
    ISBN 7-5617-4614-8:CNY38.00
    本期将呈现若干研究成果和对于教育质量评价方法的反思,及其对于教师培训的影响和对于新教育政策设计的影响,设有观点/争鸣;评价学生的成绩;动向/案例;教育家简介;中国教育发展与研究五个栏目。
●
相关链接 在E读中查询图书 在五车中查询图书 在当当中查询图书 在豆瓣中查询图书


正题名:教育展望     索取号:G424.7/144         预约/预借

序号 登录号 条形码 馆藏地/架位号 状态 备注
1 0393200   203932003   第一样本阅览室/ [索取号:G424.7/144] 在馆    
2 0393201   203932012   第四借阅区/ [索取号:G424.7/144] 在馆    
3 0393202   203932021   第四借阅区/ [索取号:G424.7/144] 在馆    
4 0393203   203932030   第四借阅区/ [索取号:G424.7/144] 在馆    
5 0393204   203932049   第四借阅区/ [索取号:G424.7/144] 在馆    
唐山师范学院图书馆 欢迎您!
大连网信软件有限公司© 版权所有